[Event "Quebec op U1700"]
[Site "Montreal"]
[Date "2016.07.29"]
[Round "8.59"]
[White "Germain, Max"]
[Black "Shahabi, Shahab"]
[Result "0-1"]
[WhiteElo "1411"]
[BlackElo "1516"]
[PlyCount "144"]
[EventDate "2016.07.23"]
[EventType "swiss"]
[EventRounds "8"]
[EventCountry "CAN"]
[SourceTitle "EXT 2022"]
[Source "ChessBase"]
[SourceDate "2021.10.06"]
[SourceVersion "1"]
[SourceVersionDate "2021.10.06"]
[SourceQuality "1"]

1. d4 Nf6 2. c4 e6 3. Bg5 c5 4. Nc3 cxd4 5. Qxd4 Nc6 6. Qd2 Be7 7. Nf3 a6 8. a3 Na5 9. Qf4 h6 10. Bxf6 Bxf6 11. e4 Bxc3+ 12. bxc3 Nb3 13. Rb1 Nc5 14. e5 0-0 15. Be2 Qa5 16. Qc1 Qc7 17. 0-0 b6 18. Rd1 Bb7 19. Qe3 Bc6 20. Nd4 Rab8 21. Nxc6 dxc6 22. Rd4 Rbd8 23. Rbd1 Rd7 24. Rxd7 Nxd7 25. Rd6 f6 26. f4 fxe5 27. fxe5 Rf5 28. Qd4 Nxe5 29. Rxe6 Kf7 30. Rd6 Ke7 31. g4 Qxd6 32. gxf5 c5 33. Qh4+ Qf6 34. Qe4 a5 35. h4 Qd6 36. h5 Kf6 37. Qb1 Nd7 38. Qe4 Qg3+ 39. Kf1 Qh3+ 40. Kf2 Qxf5+ 41. Qxf5+ Kxf5 42. Ke3 Ne5 43. Kd2 Ke4 44. Kc2 Ke3 45. Bf1 Kf2 46. Bh3 Nxc4 47. Kb3 Nd6 48. a4 Ke3 49. Kc2 Nc4 50. Bf5 Nd2 51. Bd3 Nf3 52. Bg6 Ne1+ 53. Kd1 Ng2 54. Kc2 Nf4 55. Bh7 Nxh5 56. Kb3 g5 57. Kc4 g4 58. Bg8 Nf6 59. Be6 g3 60. Bh3 Kf2 61. Kb5 Nd7 62. Kc6 g2 63. Bxg2 Kxg2 64. Kxd7 h5 65. Kc6 h4 66. Kxb6 h3 67. Kxa5 h2 68. Kb5 h1Q 69. Kxc5 Qh5+ 70. Kb4 Kf3 71. c4 Ke4 72. c5 Kd4 0-1

[Event "Quebec op U1700"]
[Site "Montreal"]
[Date "2016.07.26"]
[Round "5.15"]
[White "Yu, Xi Ming"]
[Black "Germain, Max"]
[Result "1/2-1/2"]
[WhiteElo "1492"]
[BlackElo "1411"]
[PlyCount "79"]
[EventDate "2016.07.23"]
[EventType "swiss"]
[EventRounds "8"]
[EventCountry "CAN"]
[SourceTitle "EXT 2022"]
[Source "ChessBase"]
[SourceDate "2021.10.06"]
[SourceVersion "1"]
[SourceVersionDate "2021.10.06"]
[SourceQuality "1"]

1. e4 c5 2. Nf3 e6 3. d4 cxd4 4. Nxd4 Nc6 5. Nxc6 bxc6 6. c4 Bb7 7. Nc3 Bb4 8. Bd2 Ne7 9. a3 Ba5 10. b4 Bc7 11. Na4 d6 12. Bc3 0-0 13. Qg4 e5 14. Rd1 Qe8 15. Bd3 Bc8 16. Qh5 Ng6 17. Bd2 f6 18. Nc3 Nf4 19. Qxe8 Nxd3+ 20. Ke2 Rxe8 21. Kxd3 f5 22. f3 Be6 23. Be3 a6 24. Na4 Rab8 25. Rb1 Rb7 26. Rb2 Reb8 27. Rhb1 Bd7 28. Bf2 f4 29. Nc3 Be6 30. c5 d5 31. exd5 Bf5+ 32. Ke2 Bxb1 33. dxc6 Ra7 34. Rxb1 Re8 35. b5 axb5 36. Nxb5 Rb8 37. Nxa7 Rxb1 38. a4 Rb2+ 39. Kf1 Rb1+ 40. Ke2 1/2-1/2

[Event "Quebec op U1700"]
[Site "Montreal"]
[Date "2016.07.24"]
[Round "2.18"]
[White "Kuleshova, Julia"]
[Black "Germain, Max"]
[Result "1-0"]
[WhiteElo "1553"]
[BlackElo "1411"]
[PlyCount "47"]
[EventDate "2016.07.23"]
[EventType "swiss"]
[EventRounds "8"]
[EventCountry "CAN"]
[SourceTitle "EXT 2022"]
[Source "ChessBase"]
[SourceDate "2021.10.06"]
[SourceVersion "1"]
[SourceVersionDate "2021.10.06"]
[SourceQuality "1"]

1. e4 c5 2. Nf3 e6 3. c3 Nf6 4. e5 Nd5 5. d4 cxd4 6. cxd4 Nc6 7. Bc4 Nb6 8. Bb3 d6 9. Bg5 Be7 10. Bxe7 Qxe7 11. 0-0 dxe5 12. dxe5 0-0 13. Nc3 Nd7 14. Re1 b6 15. Nb5 Nc5 16. Bc2 Bb7 17. Nd6 Rad8 18. Qb1 Ba8 19. b4 Nb7 20. Nxb7 Bxb7 21. Bxh7+ Kh8 22. Be4 Rd7 23. a3 Nd4 24. Bxb7 1-0

[Event "Montreal Saturday op 10"]
[Site "Montreal"]
[Date "2009.10.21"]
[Round "3"]
[White "Germain, Max"]
[Black "Guindon, Alex"]
[Result "0-1"]
[WhiteElo "1534"]
[BlackElo "1481"]
[PlyCount "54"]
[EventDate "2009.10.07"]
[EventType "tourn"]
[EventRounds "5"]
[EventCountry "CAN"]
[SourceTitle "EXT 2011"]
[Source "ChessBase"]
[SourceDate "2010.11.26"]
[SourceVersion "1"]
[SourceVersionDate "2010.11.26"]
[SourceQuality "1"]

1. d4 Nf6 2. c4 g6 3. f3 Bg7 4. e4 d6 5. Ne2 0-0 6. Nbc3 c5 7. Be3 b6 8. Qd2 Nc6 9. a3 cxd4 10. Nxd4 Nxd4 11. Bxd4 Bb7 12. h4 Nh5 13. Bf2 Be5 14. Ne2 f5 15. g4 fxg4 16. fxg4 Bxe4 17. Rh3 Nf6 18. Ng3 Bxg3 19. Rxg3 Bb7 20. Bd3 Ne4 21. Bxe4 Bxe4 22. h5 Qe8 23. Qe3 Qf7 24. hxg6 Bxg6 25. b3 Qf4 26. Qe6+ Rf7 27. Re3 Qxf2+ 0-1

[Event "Montreal Mercredi 09"]
[Site "Montreal"]
[Date "2008.09.03"]
[Round "1"]
[White "Germain, Max"]
[Black "Boyer, Eric"]
[Result "1-0"]
[WhiteElo "1582"]
[BlackElo "1585"]
[PlyCount "128"]
[EventDate "2008.09.03"]
[EventType "tourn"]
[EventRounds "5"]
[EventCountry "CAN"]
[SourceTitle "EXT 2011"]
[Source "ChessBase"]
[SourceDate "2010.11.26"]
[SourceVersion "1"]
[SourceVersionDate "2010.11.26"]
[SourceQuality "1"]

1. d4 d5 2. c4 c6 3. Nc3 Nf6 4. e3 e6 5. Qc2 Nbd7 6. Nf3 Bd6 7. Bd3 dxc4 8. Bxc4 e5 9. 0-0 Qc7 10. h3 0-0 11. Ng5 Nb6 12. Bb3 h6 13. Nge4 Nxe4 14. Nxe4 exd4 15. exd4 Bf4 16. Be3 Kh8 17. Qc5 Re8 18. Bxf4 Qxf4 19. Nd6 Re7 20. Nc4 Nd5 21. Ne5 b6 22. Qxc6 Bb7 23. Qc4 Rc8 24. Qd3 Qg5 25. Qg3 Qf5 26. Bd1 Nf4 27. Bg4 Qg5 28. Bf3 Qxg3 29. fxg3 Bxf3 30. Nxf3 Ne2+ 31. Kh2 Rc2 32. d5 f6 33. Rfd1 Rd7 34. b3 Rc5 35. Rd2 Nc3 36. d6 Ne4 37. Rd4 Nc3 38. a4 Rd5 39. Rxd5 Nxd5 40. Nd4 Nc3 41. Nf5 g6 42. Rc1 gxf5 43. Rxc3 Rxd6 44. Rf3 Kg7 45. Rxf5 a6 46. g4 Kg6 47. Rf3 Rd4 48. Kg3 b5 49. axb5 axb5 50. h4 b4 51. Kh3 Rd5 52. h5+ Kg5 53. g3 f5 54. Rf4 fxg4+ 55. Rxg4+ Kxh5 56. Rxb4 Kg6 57. Kh4 Kf6 58. Rb6+ Kf7 59. g4 Ke7 60. b4 Kd7 61. Rb7+ Kc6 62. Rh7 Rb5 63. Rxh6+ Kd7 64. Rf6 Ke7 1-0

[Event "Montreal Mercredi 05"]
[Site "Montreal"]
[Date "2008.06.11"]
[Round "5"]
[White "Dardoura, Khaled"]
[Black "Germain, Max"]
[Result "0-1"]
[WhiteElo "1509"]
[BlackElo "1557"]
[PlyCount "108"]
[EventDate "2008.05.14"]
[EventType "tourn"]
[EventRounds "5"]
[EventCountry "CAN"]
[SourceTitle "EXT 2011"]
[Source "ChessBase"]
[SourceDate "2010.11.26"]
[SourceVersion "1"]
[SourceVersionDate "2010.11.26"]
[SourceQuality "1"]

1. d4 Nf6 2. c4 e6 3. Nc3 Bb4 4. Nf3 0-0 5. Bg5 d6 6. e3 b6 7. Bd3 Nbd7 8. Qb3 c5 9. 0-0 Bxc3 10. Qxc3 Qe8 11. Bf4 Qe7 12. h3 h6 13. Rad1 Ne8 14. Bb1 g5 15. Bh2 Bb7 16. d5 e5 17. Bf5 Bc8 18. Bg3 Ng7 19. Bc2 f5 20. Nd2 Nf6 21. f4 Nfh5 22. Bh2 gxf4 23. exf4 e4 24. Rde1 Qf6 25. Re3 Qd4 26. Kh1 Bd7 27. Rg1 Nf6 28. g4 h5 29. gxh5 Kh8 30. Rg5 Rf7 31. Bg1 Rg8 32. Reg3 Qxc3 33. bxc3 b5 34. Rg6 Nge8 35. Rxg8+ Nxg8 36. Be3 Rg7 37. Rg5 Ne7 38. cxb5 Nxd5 39. Nc4 Rxg5 40. fxg5 f4 41. Bd2 Bxb5 42. Nb2 e3 43. c4 exd2 44. cxd5 c4 45. Bd1 Kh7 46. Bc2+ Kh8 47. Nd1 Nc7 48. Nc3 Bd7 49. Kg2 a6 50. Kf3 Nb5 51. Nxb5 axb5 52. a3 Bf5 53. Bd1 c3 54. Kxf4 c2 0-1

[Event "Montreal Mercredi 04"]
[Site "Montreal"]
[Date "2008.04.02"]
[Round "1"]
[White "Germain, Max"]
[Black "Piche, Justin"]
[Result "0-1"]
[WhiteElo "1524"]
[BlackElo "1542"]
[PlyCount "55"]
[EventDate "2008.04.02"]
[EventType "tourn"]
[EventRounds "5"]
[EventCountry "CAN"]
[SourceTitle "EXT 2011"]
[Source "ChessBase"]
[SourceDate "2010.11.26"]
[SourceVersion "1"]
[SourceVersionDate "2010.11.26"]
[SourceQuality "1"]

1. d4 d5 2. c4 e6 3. Nc3 Bb4 4. Qc2 Nf6 5. Bg5 h6 6. Bd2 0-0 7. e3 Qe7 8. Bd3 b6 9. Nf3 Ba6 10. cxd5 Bxd3 11. Qxd3 Bxc3 12. bxc3 exd5 13. c4 c5 14. 0-0 Nbd7 15. cxd5 Rac8 16. dxc5 Nxc5 17. Bb4 Qe8 18. Bxc5 Rxc5 19. Nd4 Rxd5 20. f3 Qd7 21. Rfd1 Qc7 22. Qe2 Rh5 23. g3 Rh3 24. Rd2 Rh5 25. Qe1 Nd5 26. Rc1 Qe5 27. Nc6 Qc7 28. e4 0-1

[Event "Montreal Mercredi 02"]
[Site "Montreal"]
[Date "2008.02.20"]
[Round "1"]
[White "Germain, Max"]
[Black "Chesnut, Walter"]
[Result "1/2-1/2"]
[WhiteElo "1509"]
[BlackElo "1498"]
[PlyCount "84"]
[EventDate "2008.02.20"]
[EventType "tourn"]
[EventRounds "5"]
[EventCountry "CAN"]
[SourceTitle "EXT 2011"]
[Source "ChessBase"]
[SourceDate "2010.11.26"]
[SourceVersion "1"]
[SourceVersionDate "2010.11.26"]
[SourceQuality "1"]

1. d4 d5 2. c4 c6 3. Nc3 Nf6 4. cxd5 cxd5 5. g3 e6 6. Nf3 Nc6 7. a3 a6 8. Bg2 Bd6 9. 0-0 0-0 10. Re1 Bd7 11. e4 dxe4 12. Nxe4 Nxe4 13. Rxe4 Ne7 14. Ne5 Bxe5 15. dxe5 Bc6 16. Rd4 Nd5 17. Qh5 Nf6 18. Qd1 Nd5 19. Be4 f5 20. exf6 Qxf6 21. Rd2 Nc3 22. Bxh7+ Kxh7 23. bxc3 Rad8 24. Qc2+ Kg8 25. f4 e5 26. Rf2 e4 27. Be3 Rd3 28. Bd4 Qf5 29. Re1 Qd5 30. Qa2 Qxa2 31. Rxa2 Bd5 32. Rae2 Rf7 33. Be5 g6 34. a4 Kh7 35. a5 Kh6 36. Bd4 Kh5 37. Be5 Kg4 38. Re3 Rd2 39. Bd4 Rh7 40. R1e2 Rd1+ 41. Re1 Rd2 42. R1e2 Rd1+ 1/2-1/2

[Event "Montreal Ligue elite du dimanche"]
[Site "Montreal"]
[Date "2007.09.30"]
[Round "4"]
[White "Germain, Max"]
[Black "Landry, Martin"]
[Result "0-1"]
[WhiteElo "1599"]
[BlackElo "1636"]
[PlyCount "146"]
[EventDate "2007.09.09"]
[EventType "swiss"]
[EventRounds "5"]
[EventCountry "CAN"]
[SourceTitle "EXT 2022"]
[Source "ChessBase"]
[SourceDate "2021.10.06"]
[SourceVersion "1"]
[SourceVersionDate "2021.10.06"]
[SourceQuality "1"]

1. d4 Nf6 2. Nf3 e6 3. Bg5 c5 4. c3 cxd4 5. Qxd4 Be7 6. g3 Nc6 7. Qd1 d5 8. Bg2 0-0 9. 0-0 e5 10. Nbd2 h6 11. Bxf6 Bxf6 12. Ne1 Be6 13. e4 d4 14. c4 Rc8 15. Nd3 Ne7 16. b3 Ng6 17. Rc1 Qd7 18. b4 b6 19. a4 Be7 20. c5 bxc5 21. bxc5 Rc6 22. Nc4 Bxc4 23. Rxc4 Rfc8 24. Qc2 f6 25. Rc1 Nf8 26. Nb4 Rxc5 27. Rxc5 Rxc5 28. Qb3+ Qe6 29. Qxe6+ Nxe6 30. Rxc5 Bxc5 31. Nd3 Bb6 32. Bf1 Ng5 33. Bg2 Kf8 34. f4 Nf7 35. Kf1 Ke7 36. Nb4 Kd6 37. Ke2 Nd8 38. Kd3 exf4 39. gxf4 Ne6 40. Nd5 Nc5+ 41. Kc4 d3 42. Nxb6 axb6 43. a5 d2 44. Bf3 Nxe4 45. a6 Kc7 46. a7 d1Q 47. Bxd1 Kb7 48. Bf3 f5 49. h4 Kxa7 50. h5 Ka6 51. Kd5 b5 52. Ke6 Ng3 53. Kf7 b4 54. Kxg7 b3 55. Bd1 b2 56. Bc2 Nxh5+ 57. Kxh6 Ng3 58. Kg5 Kb5 59. Kh4 Ne4 60. Kh5 Nd6 61. Kg6 Kc6 62. Kf6 Kc5 63. Ke5 Nc4+ 64. Ke6 Ne3 65. Bb1 Kd4 66. Kd6 Nd5 67. Bxf5 Nxf4 68. Bb1 Nd3 69. Kc6 Kc3 70. Kb5 Nc1 71. Ka4 Nb3 72. Ka3 Na1 73. Ka2 Nc2 0-1

[Event "Montreal Fete du travail"]
[Site "Montreal"]
[Date "2007.09.02"]
[Round "3"]
[White "Germain, Max"]
[Black "Plante, Marc Eric"]
[Result "0-1"]
[WhiteElo "1606"]
[BlackElo "1625"]
[PlyCount "68"]
[EventDate "2007.09.01"]
[EventType "swiss"]
[EventRounds "5"]
[EventCountry "CAN"]
[SourceTitle "EXT 2022"]
[Source "ChessBase"]
[SourceDate "2021.10.06"]
[SourceVersion "1"]
[SourceVersionDate "2021.10.06"]
[SourceQuality "1"]

1. d4 Nf6 2. c4 g6 3. f3 Bg7 4. e4 d6 5. Nc3 0-0 6. Be3 c5 7. d5 Na6 8. Qd2 Qa5 9. a3 Bd7 10. Nge2 Nc7 11. Nc1 b5 12. N3a2 Qxd2+ 13. Bxd2 bxc4 14. Bxc4 Rab8 15. Nd3 Bb5 16. Bxb5 Nxb5 17. Bc3 Nxc3 18. Nxc3 Nd7 19. 0-0 Ne5 20. Nxe5 Bxe5 21. Rab1 Rb3 22. f4 Bd4+ 23. Kh1 Rfb8 24. Na4 Bxb2 25. Nxb2 Rxb2 26. Rbe1 Ra2 27. Re3 Rbb2 28. Rg3 Rf2 29. Rf3 Rxg2 30. Rh3 Rgf2 31. Kg1 Rg2+ 32. Kh1 Rge2 33. f5 Rxe4 34. f6 exf6 0-1

[Event "Montreal Fete du travail"]
[Site "Montreal"]
[Date "2007.09.01"]
[Round "1"]
[White "Lemieux, Serge"]
[Black "Germain, Max"]
[Result "1-0"]
[WhiteElo "1517"]
[BlackElo "1606"]
[PlyCount "71"]
[EventDate "2007.09.01"]
[EventType "swiss"]
[EventRounds "5"]
[EventCountry "CAN"]
[SourceTitle "EXT 2022"]
[Source "ChessBase"]
[SourceDate "2021.10.06"]
[SourceVersion "1"]
[SourceVersionDate "2021.10.06"]
[SourceQuality "1"]

1. d4 Nf6 2. c4 e6 3. Nc3 Bb4 4. Bg5 0-0 5. e4 d6 6. Bd3 Nbd7 7. Nf3 h6 8. Bh4 Qe8 9. 0-0 Bxc3 10. bxc3 e5 11. Qc2 Nh7 12. a4 g5 13. Bg3 h5 14. h3 f6 15. a5 h4 16. Bh2 Qh5 17. Be2 Qh6 18. Kh1 Nb8 19. Ng1 f5 20. dxe5 f4 21. exd6 Qxd6 22. Bg4 Bxg4 23. hxg4 Nf6 24. g3 Qe5 25. Rfb1 Na6 26. Rxb7 Nc5 27. Rbb1 a6 28. Ne2 Ne6 29. Bg1 c5 30. Nc1 Ra7 31. Nd3 Qc7 32. Rb6 Re8 33. Qa4 h3 34. gxf4 Qh7 35. Kh2 Nxe4 36. Qxe8+ 1-0

[Event "Quebec op U2000"]
[Site "Montreal"]
[Date "2001.07.23"]
[Round "4"]
[White "Gilbert, Erick"]
[Black "Germain, Max"]
[Result "1/2-1/2"]
[WhiteElo "1851"]
[BlackElo "1656"]
[PlyCount "99"]
[EventDate "2001.07.21"]
[EventType "swiss"]
[EventRounds "9"]
[EventCountry "CAN"]
[SourceTitle "EXT 2022"]
[Source "ChessBase"]
[SourceDate "2021.10.06"]
[SourceVersion "1"]
[SourceVersionDate "2021.10.06"]
[SourceQuality "1"]

1. Nf3 d5 2. g3 Nf6 3. Bg2 c6 4. 0-0 g6 5. d3 Bg7 6. Nbd2 0-0 7. c3 Nbd7 8. Re1 Re8 9. Qc2 Nf8 10. e4 e5 11. h3 Bd7 12. Nf1 dxe4 13. dxe4 Qc7 14. Be3 b6 15. N1d2 Bc8 16. Rad1 Ba6 17. b4 N8d7 18. c4 c5 19. b5 Bb7 20. Nh2 Nf8 21. Nb1 Ne6 22. Nc3 Nd4 23. Qc1 a6 24. a4 Rac8 25. Nd5 Nxd5 26. exd5 Qd6 27. Bh6 f5 28. Bxg7 Kxg7 29. Nf3 Nxf3+ 30. Bxf3 e4 31. Bg2 a5 32. h4 Rcd8 33. Re2 Bc8 34. Rde1 Bd7 35. Qf4 Qxf4 36. gxf4 Kf6 37. Re3 Re7 38. f3 Rde8 39. fxe4 fxe4 40. Kf2 h6 41. Bxe4 g5 42. hxg5+ hxg5 43. fxg5+ Kxg5 44. Bd3 Rxe3 45. Rxe3 Rxe3 46. Kxe3 Kf6 47. Kf4 Bh3 48. Kg3 Bd7 49. Kf4 Bh3 50. Kg3 1/2-1/2